000 00595nam a2200217Ia 4500
005 20241129120110.0
008 241129s9999||||xx |||||||||||||| ||und||
020 _a9789811525834
037 _aTB
040 _aSDCL
_beng
_cSDCL
041 _aeng
_2eng
084 _aD651:911, R1
_qSDCL
100 _aKim Keonwook
_9729129
245 0 _aConceptual digital signal processing with MATLAB
260 _aSingapore
_bSpringer
_c2021
300 _axiii,677p.
365 _aEUR
_b49.99
650 _aElectronic Science
942 _cTB
_hD651:911, R1
999 _c1233330
_d1233330